00709nam a22002537a 450000500170000000600190001700700040003600800410004001000150008102400420009603500150013804000080015308200130016124500670017426000300024127000260027130000510029730600150034850000080036353800220037154100200039370000180041370000240043120091014100530.0a|||||r|||||00| 0 DVD090629t xxu||||| |||| 00| 0 eng d aDVD-003873 cRs. 700.00 Appx. for set fo 7 Discs.  aDVD-003873 aDPL aDVD GATT aGattu Tales :cby Esther DavidbWhoop Ha Ha The Monkey Brigade bBook Box India Pvt. Ltd.  aC/o Orient Black Swan a1 Videodisc DVD, bsd., col. ;c4-3/4 in.fVCD a2hr 58min. aVCD aLanguage- English 5M/s Orient Swan aDavid, Esther aScanziani, Emanuele